000 00456nam a2200133 a 4500
008 120416s1956 ||||||||||||||||| || u
050 _aNA 7771 Fyo
100 _aFyodorova, N
245 1 0 _aPetrodvorets
260 _aMoscow
_bForeign Languages Pub. House
_c1956
300 _a141p. : ill.
350 _a0.00
995 _D0.00
_FCBU-MAIN LIBRARY (Kitwe)
_H1
_I0.00
_M1
_UDAMAGED
_ZMain Library Open Access Collection
999 _c53449
_d53449